000 00415nam a2200157Ia 4500
003 GCL
008 140319s9999 xx 000 0 ara d
040 _aGCL /
_cGCL
082 0 4 _a270.92
_bم س
245 1 0 _aالسنكسار
260 _aالقاهرة :
_bمكتبة المحبة
300 _aمتعدد ؛
_c24 سم
650 0 4 _aالقديسون
650 0 4 _aالمسيحية - تراجم
942 _2ddc
_cBK
999 _c4874
_d4874